000 002880000a22000970004500
100 1 _aHabecker, Eugene
245 1 0 _aDecimos "afios" al ayer, "hola" al hoy y "bienvenido" al mañana
300 _aVol. 56, Núm 255 (2001), Páginas 8-12
773 0 _tLa Biblia de las Américas
942 _cANA
999 _c51641
_d51641